000 00878nam a2200289 a 4500
999 _c49321
_d49321
001 40947427
005 20200211115159.0
008 980204s1997 ph b 000 0 eng d
009 Reclvl: f Addate: 980204 Addid: INN Moddate: 080602 Modid: XRF
020 _a9715101119
035 _aCUBG99-B108
035 _aGLADN151492063
040 _aMiU
_cMiU
100 1 _aMaribao, Joel L.
245 1 0 _aPinoy :
_breligious leader /
_cJoel L. Maribao.
260 _a[Manila] :
_bLogos,
_c1997.
300 _a167 p. ;
_c23 cm.
336 _atext
337 _aunmediated
338 _avolume
490 0 _aLearning by design ;
_vno. 5.
504 _aIncludes bibliographical references (p. [164]-167).
650 0 _aLeadership
_xReligious aspects
_xChristianity.
650 0 _aChristian leadership.
650 0 _aChurch and social problems
_zPhilippines.
942 _2lcc
_cBK